000 00999nam a22003137a 4500
003 CHAP
005 20220817043028.0
008 971010s1973 r 00010 d
010 _a63240
011 _a64212
035 _a69470
040 _cCHAP
082 0 4 _a080
_bS4 v.95
100 0 0 _aEstrada, Jesús.
_938454
245 1 _aMúsica y músicos de la época virreinal
260 _aMéxico, D. F. :
_bSecretaría de Educación Pública,
_c1973
300 _a165 p.
490 _aSEP. Setentas
_v; 95
590 _aBATCH-UPD
_b10
_c20130110
_lUCH01
_h0443
590 _aBATCH-UPD
_b10
_c20130410
_lUCH01
_h0119
590 _aBATCH-UPD
_b10
_c20130914
_lUCH01
_h1832
590 _aCONVERSION
_b10
_c20130109
_lUCH01
_h1334
650 1 4 _aMúsicos mexicanos.
_979149
830 0 _aSEP. Setentas
_v; 95
901 _aBK
942 _cLIBRO
949 _a080 S4 v.95
_bBC
_cLIBRO
_d33724000310090
_eLIBRO
_h29090
_i69470
_si
949 _a080 S4 v.95
_bBC
_cLIBRO
_d33724000689790
_eLIBRO
_fc.2
_h29525
_i69470
_si
999 _c63240
_d63240